Smokey and the Bandit Cast Members - Statistics

General Stats
  • This quiz has been taken 9 times
  • The average score is 4 of 15
Answer Stats
Hint Answer % Correct
Bo "The Bandit" Darville Burt Reynolds
100%
Sheriff Buford T. Justice / "Smokey Bear" Jackie Gleason
100%
Carrie "Frog" Sally Field
86%
Cledus Snow Jerry Reed
71%
Junior Justice Mike Henry
14%
Enos "Big Enos" Burdette Pat McCormick
14%
Enos "Little Enos" Burdette Paul Williams
14%
Leader of the gang Gene Witham
0%
Sheriff George Branford George Reynolds
0%
"Sugar Bear" Lamar Jackson
0%
"Little Beaver" Laura Lizer Sommers
0%
Mr. B Macon McCalman
0%
Branford's deputy Michael Mann
0%
"Hot Pants" Hillyard Susan Mclver
0%
Member of the motorcycle gang Susan Sindelar
0%
No matching quizzes found
Score Distribution
Percent of People with Each Score
Percentile by Number Answered
Your Score History
You have not taken this quiz